Facteurs de 3000 - Statistiques

Statistiques générales
  • Ce quiz a été pris 41 fois
  • Le résultat moyen est 30 sur 32
Statistiques - réponses
Réponse % Correct
1
100%
10
100%
100
100%
12
100%
15
100%
2
100%
25
100%
3
100%
30
100%
4
100%
5
100%
1000
97%
150
97%
1500
97%
20
97%
200
97%
250
97%
300
97%
50
97%
6
97%
8
97%
3000
95%
40
95%
500
95%
120
92%
24
92%
60
92%
600
92%
75
89%
125
86%
750
84%
375
62%
Aucun quiz correspondant
Distribution des résultats
% des personnes avec chaque résultat
Percentile par nombre de réponses
Votre historique - résultats
Vous n’avez pas pris ce quiz